PDC-Dartsgrid DE #4 - Statistiken

Allgemein
  • Dieses Quiz wurde 45 mal gespielt
    22 seit der letzten Aktualisierung
  • Das Durchschnittsergebnis liegt bei 4 aus 9
Antwortstatistiken
Bestes PDC-WM-Resultat: Viertelfinale Niederländische Nationalität Vorname startet mit M % Korrekt
Jelle Klaasen | Jeffrey de Zwaan
71%
Michael Smith
59%
Nickname beinhaltet Tierbezeichnung Jonny Clayton | Krzysztof Ratajski . .
53%
Wessel Nijman
47%
Martin Lukeman | Madars Razma
41%
Dart-Ausstatter: Mission Ryan Joyce . .
35%
Berry van Peer
29%
Sieger der Challenge Tour Callan Rydz . .
18%
Matt Campbell
12%
Keine übereinstimmenden Quizze gefunden
Verteilung der Resultate
Anzahl Personen mit jedem Resultat
Perzentil nach korrekt beantworteten Fragen
Ihre Resultats-Entwicklung
Sie haben dieses Quiz seit der letzten Aktualisierung nicht gespielt